Fr. Conceicao Rodrigues College of Engineering

Reinforced Concrete Design (Record no. 21680)

MARC details
000 -LEADER
fixed length control field 00259nam a2200121Ia 4500
100 ## - MAIN ENTRY--PERSONAL NAME
Personal name Sinha/S.N
245 ## - TITLE STATEMENT
Title Reinforced Concrete Design
260 ## - PUBLICATION, DISTRIBUTION, ETC.
Name of publisher, distributor, etc. McGraw Hill
Place of publication, distribution, etc. New Delhi
300 ## - PHYSICAL DESCRIPTION
Extent 708
546 ## - LANGUAGE NOTE
Language note ENGLISH
654 ## - SUBJECT ADDED ENTRY--FACETED TOPICAL TERMS
Focus term Concrete Design
942 ## - ADDED ENTRY ELEMENTS (KOHA)
Koha item type BOOK
Holdings
Withdrawn status Lost status Damaged status Not for loan Collection Home library Current library Date acquired Total Checkouts Full call number Barcode Date last seen Price effective from Koha item type
        AFT Fr. Agnel's C.Rodrigues College of Engineering Fr. Agnel's C.Rodrigues College of Engineering 17/03/2023   AFT7741 17/03/2023   BOOK